Memupuk bakat & minat penulisan kreatif teori dan proses

Bibliographic Details
Main Author: Fatimah Busu
Format: Book
Language:English
Published: Bentong, Pahang PTS Publications & Distributors 2003
Series:Siri pendidikan
Subjects:
LEADER 01891cam a2200397 a 4500
001 0000068585
005 20060126090000.0
040 |a mod 
041 |a eng 
020 |a 9831925408 
090 0 0 |a 808.049923  |b FAT  |e 2003 
100 0 |a Fatimah Busu 
245 1 0 |a Memupuk bakat & minat penulisan kreatif  |b teori dan proses  |c Fatimah Busu 
260 |a Bentong, Pahang  |b PTS Publications & Distributors  |c 2003 
300 |a 244 p.  |c 23 cm 
490 0 |a Siri pendidikan 
504 |a Bibliography: p. 243-244 
650 0 0 |a Authorship  |x Techniques 
650 0 0 |a Creative writing  |x Philosophy 
852 0 0 |a 01 
999 |a 0218445  |b 3 BGD  |d BOOKS  |e Umum  |f 3 BGD  |j AVAILABLE  |q GOOD CONDITION 
999 |a 0220357  |b PUSASDA   |d BOOKS  |e Umum  |f PUSASDA  |j AVAILABLE  |q GOOD CONDITION 
999 |a 0221763  |b ILMI  |d BOOKS  |e Umum  |f ILMI  |j AVAILABLE  |q GOOD CONDITION 
999 |a 0221764  |b ILMI  |d BOOKS  |e Umum  |f ILMI  |j AVAILABLE  |q GOOD CONDITION 
999 |a 0224319  |b 9 BGD  |d BOOKS  |e Umum  |f 9 BGD  |j AVAILABLE  |q GOOD CONDITION 
999 |a 0226027  |b 2 DIV  |d BOOKS  |e Umum  |f 2 DIV  |j AVAILABLE  |q GOOD CONDITION 
999 |a 0227256  |b 6 BGD  |d BOOKS  |e Umum  |f 6 BGD  |j AVAILABLE  |q GOOD CONDITION 
999 |a 0227406  |b PULMAT   |d BOOKS  |e Umum  |f PULMAT  |j AVAILABLE  |q GOOD CONDITION 
999 |a 0227478  |b PULMAT   |d BOOKS  |e Umum  |f PULMAT  |j AVAILABLE  |q GOOD CONDITION 
999 |a 0228078  |b PUSARTI   |d BOOKS  |e Umum  |f PUSARTI  |j AVAILABLE  |q GOOD CONDITION 
999 |a 0228592  |b PULPAK  |d BOOKS  |e Umum  |f PULPAK  |j AVAILABLE  |q GOOD CONDITION 
999 |a 0228593  |b PULPAK  |d BOOKS  |e Umum  |f PULPAK  |j AVAILABLE  |q GOOD CONDITION 
999 |a 0229454  |b 8 BGD  |d BOOKS  |e Umum  |f 8 BGD  |j WEEDED  |q GOOD CONDITION 
999 |a 0229455  |b 8 BGD  |d BOOKS  |e Umum  |f 8 BGD  |j WEEDED  |q GOOD CONDITION 
999 |a 0236550  |b KEMENTAH  |d BOOKS  |e Umum  |f Perpustakaan KEMENTAH  |j AVAILABLE  |q GOOD CONDITION 
999 |a M000000101  |b Royal Military College  |d BOOKS  |e Umum  |f Royal Military College  |j AVAILABLE  |q GOOD CONDITION